Catalog

Record Details

Catalog Search



Teologické princípy misie.Monografia : Sborník z medzinárodnej vedeckej konferencie Cover Image Book Book

Teologické princípy misie.Monografia : Sborník z medzinárodnej vedeckej konferencie Ondrej Lupták, Ĺudovít Fazekaš, Pavel Hanes

Record details

  • ISBN: 80-88945-10-0
  • Physical Description: 94 s.
  • Publisher: Banská Bystrica Združenie evanjelikálnych cirkví v SR, TRIAN, s.r.o. 1999

Available copies

  • 2 of 2 copies available at Common Catalog SPOK.

Holds

  • 0 current holds with 2 total copies.
Show All Copies
Location Call Number / Copy Notes Barcode Shelving Location Status Due Date
ETS Library 266 424470010569 Volný výběr Available -
ETS Library 266 424470011021 Volný výběr Available -

LDR 00848nam a2 00253
00133479
003CZ-PrJAB
00520070727000000.0
008060218s1999 xo e |||| |slo
009sk
020 . ‡a80-88945-10-0
035 . ‡a(CONS)9086
035 . ‡aKPS12347
040 . ‡aABG450
041 . ‡aslo
08214. ‡a266
100 . ‡76268 ‡aKolektiv, autorů ze Slovenska
245 . ‡aTeologické princípy misie.Monografia : ‡bSborník z medzinárodnej vedeckej konferencie ‡cOndrej Lupták, Ĺudovít Fazekaš, Pavel Hanes
260 . ‡aBanská Bystrica ‡bZdruženie evanjelikálnych cirkví v SR, TRIAN, s.r.o. ‡c1999
300 . ‡a94 s.
653 . ‡aTeologické princípy misie.Monografia
8524 . ‡bETS ‡bETS ‡cVolný výběr ‡j266 ‡gA ‡p424470011021
8524 . ‡bETS ‡bETS ‡cVolný výběr ‡j266 ‡gA ‡p424470010569
910 . ‡aABG450
999 . ‡a9086 ‡bAUTOGEN ‡c9086 ‡tbiblio
905 . ‡uadmin
901 . ‡a33479 ‡b ‡c33479 ‡tbiblio ‡sets

Additional Resources